00786nam a2200217 a 450000100100000000500170001000800410002702000180006804000250008608200150011124500970012626000460022330000350026959000260030470000280033070000250035870000240038370000310040795201130043899900170055100004248220201002040200.0131204s2009 ko r 000 0 spa d a9788981640750 aDO-SdBNPbspacBNPHU axxxxbxxxx00aA Journey of Soul :bthe Buddhist painting of the Joseon period /cKim Seunghee ...[et al.]. aKorea :bNational Museum of Korea,c2009. a229 p. :bil., mapas ;c28 cm. aInventariado, 2019/BT1 aMyounghee, Jeong9696691 aJihyun, Hwang9696701 aYoungil, Bae9696711 aKim, Julianne,etr.969672 001050718MOaGRbGRcHDd2013-12-04iLF1l0oxxxx xxxxp42482-10r2020-06-25w2020-06-25y1ZNo se presta c41971d41971